Cambridge English for the Media.

Sparad:
Bibliografiska uppgifter
Huvudupphovsmän: Ceramella, Nick (Författare, medförfattare), Lee, Elizabeth (Författare, medförfattare)
Materialtyp: Bok
Språk:engelska
Publicerad: Cambridge, United Kingdom: Cambridge University Press, 2008
Serie:Professional English
Ämnen:
Länkar:Disponible Online
Taggar: Lägg till en tagg
Inga taggar, Lägg till första taggen!

MARC

LEADER 00000cam a2200000 a 4500
001 UCG8050
003 CL-VaPUC
005 20220423074519.0
008 111118e20080000UK |||||||||||||||||eng|d
999 |c 345690  |d 345688 
020 |a 9780521724579 
040 |c Pontificia Universidad Católica de Valparaíso 
082 0 4 |a 428 CER 2008  |2 21 
100 0 |a Ceramella, Nick  |e author  |9 558584 
245 1 0 |a Cambridge English for the Media. 
260 |a Cambridge, United Kingdom:   |b Cambridge University Press,  |c 2008 
300 |a 112 p 
490 0 |a Professional English 
500 |a Incluye CD de audio con material complementario 
583 |a last modification  |c 20111118 11:09:00  |k Rodrigo Vera 
650 0 |a Educación lingüística  |9 306506 
650 0 |a Enseñanza del inglés  |9 367340 
650 0 |a Inglés  |x Métodos de enseñanza  |9 260023 
650 0 |a Medios de comunicación  |9 257206 
700 0 |a Lee, Elizabeth  |e author  |9 558585 
856 |u http://bibliografiadigital.pucv.cl/index.php/bibliotecapucv/catalog/book/930  |y Disponible Online  
942 |c BK  |2 ddc 
945 |d 20111118 00:00:00  |a dcastane 
952 |0 0  |1 0  |4 0  |6 428_000000000000000_CER_2008  |7 0  |8 ?  |9 445456  |a FDOILP  |b FDOILP  |d 2019-11-22  |i 4799674  |o 428 CER 2008  |p 4799674  |r 2019-11-22  |w 2019-11-22  |y BK  |k ILP 
952 |0 0  |1 0  |4 0  |6 428_000000000000000_CER_2008  |7 0  |8 ?  |9 445457  |a FDOILP  |b FDOILP  |d 2019-11-22  |i 4840526  |o 428 CER 2008  |p 4840526  |r 2019-11-22  |w 2019-11-22  |y BK  |k ILP